Landesnamen in ihrer Sprache - Statistiken

Allgemein
  • Dieses Quiz wurde 38 mal gespielt
  • Das Durchschnittsergebnis liegt bei 34 aus 44
Antworten auf der Karte
Die Antworten werden auf der Karte rot bzw. grün angezeigt, abhängig davon wie oft sie richtig erraten wurden.
 
Antwortstatistiken
Antwort % Korrekt
France
100%
España
96%
Italia
96%
Danmark
93%
Deutschland
93%
Nederlands
93%
Portugal
93%
United Kingdom
93%
Andorra
89%
Ísland
89%
Lëtzebuerg
89%
Österreich
89%
San Marino
89%
België
86%
Éire
86%
Liechtenstein
86%
Monaco
86%
Norge
86%
Suisse
86%
Vaticano
86%
Polska
82%
Eesti
79%
Moldova
79%
România
79%
Slovensko
79%
Ελλάδα
75%
Česko
75%
Lietuva
75%
Bosna i Hercegovina
71%
Latvija
71%
Hrvatska
68%
Kosova
68%
Magyarország
68%
Slovenija
68%
Suomi
68%
Sverige
68%
Северна Македонија
61%
Россия
54%
Україна
46%
Беларусь
46%
България
46%
Crna Gora
43%
Shqipëria
43%
Србија
36%
Keine übereinstimmenden Quizze gefunden
Verteilung der Resultate
Anzahl Personen mit jedem Resultat
Perzentil nach korrekt beantworteten Fragen
Ihre Resultats-Entwicklung
Sie haben dieses Quiz noch nicht gespielt